000
00291nam a2200133Ia 4500
005
20251222155105.0
008
251222s9999||||xx |||||||||||||| ||spa||
082
_a
LEN.43
100
_a
SABATO Ernesto.
245
0
_a
El Tunel
250
_a
1ra. ed.
264
_b
El comercio
942
_c
LIB
999
_c
37832
_d
37832